Environmental economics: a guide for practitioners (Registro nro. 13529)

Detalles MARC
000 -Cabecera
Campo de control de longitud fija 01131nam a22003857a 4500
005 - Fecha y hora de la última transacción
Campo de control 20250819111037.0
008 - Elementos de longitud fija--Información general
Campo de control de longitud fija 230504b2021 |||||||| |||| 00| 0 spa d
020 ## - International Standard Book Number
Número Internacional Estándar del Libro (ISBN) 9788431335946
041 ## - Idioma
Código de idioma Inglés
082 ## - Clasificación Decimal Dewey
Número de clasificación 338.927 S684e
100 ## - Entrada principal--Autor personal
Nombre personal Solaun Martínez, Kepa
9 (RLIN) 75746
245 ## - Título propiamente dicho
Título Environmental economics: a guide for practitioners
260 ## - Pie de imprenta
Lugar de publicación, distribución, etc. España
260 ## - Pie de imprenta
Nombre del editor, distribuidor, etc. Ediciones Universidad de Navarra
260 ## - Pie de imprenta
Fecha de publicación, distribución, etc. 2021
300 ## - Descripción física
Extensión 165 páginas
490 ## - Serie
Título de la Serie Turismo
650 ## - Materia general
Temática (materia general) ECONOMÍA AMBIENTAL
650 ## - Materia general
Temática (materia general) HISTORIA DE LA ECONOMÍA
650 ## - Materia general
Temática (materia general) MICROECONOMÍA
650 ## - Materia general
Temática (materia general) MACROECONOMÍA
650 ## - Materia general
Temática (materia general) ECONOMETRÍA
650 ## - Materia general
Temática (materia general) TOMA DE DECISIONES AMBIENTALES
650 ## - Materia general
Temática (materia general) COMPENSACIÓN DE LA CONTAMINACIÓN
650 ## - Materia general
Temática (materia general) VALORACIÓN AMBIENTAL
650 ## - Materia general
Temática (materia general) MÉTODOS DE VALORACIÓN
650 ## - Materia general
Temática (materia general) POLÍTICA AMBIENTAL
650 ## - Materia general
Temática (materia general) PROTECCIÓN AMBIENTAL
650 ## - Materia general
Temática (materia general) HERRAMIENTAS PÚBLICAS
650 ## - Materia general
Temática (materia general) ECONOMÍA DEL CAMBIO CLIMÁTICO
650 ## - Materia general
Temática (materia general) ECONOMÍA DE RECURSOS NATURALES
650 ## - Materia general
Temática (materia general) DESARROLLO SOSTENIBLE
650 ## - Materia general
Temática (materia general) CONTABILIDAD AMBIENTAL
942 ## - Punto de acceso adicional KOHA
Tipo de ítem KOHA Libro
Fuente del sistema de clasificación o colocación Dewey Decimal Classification
Existencias
Signatura completa Código de barras Programa Académico Tipo de ítem
338.927 S684e 25702 Turismo Libro